Dzielnice Wrocławia PL - Statystyki

Ogólne statystyki
  • Ten quiz został rozwiązany 2 351 razy
  • Średni wynik to 26 z 77
Statystyki odpowiedzi
Odpowiedź % Poprawnych
Psie Pole
82%
Krzyki
77%
Stare Miasto
71%
Gaj
66%
Leśnica
63%
Biskupin
62%
Sępolno
59%
Nowy Dwór
56%
Tarnogaj
55%
Grabiszyn
54%
Księże Małe
53%
Ołbin
52%
Oporów
52%
Popowice
51%
Kozanów
50%
Brochów
49%
Klecina
49%
Muchobór Wielki
49%
Muchobór Mały
48%
Karłowice
46%
Osobowice
46%
Różanka
46%
Ołtaszyn
44%
Jagodno
43%
Maślice
43%
Pilczyce
42%
Partynice
40%
Szczepin
40%
Żerniki
40%
Huby
37%
Kowale
37%
Przedmieście Oławskie
36%
Zakrzów
36%
Borek
35%
Sołtysowice
35%
Poświętne
34%
Stabłowice
33%
Wojnów
33%
Kleczków
30%
Bartoszowice
29%
Gądów Mały
29%
Swojczyce
29%
Wojszyce
29%
Zalesie
29%
Kuźniki
28%
Pracze Odrzańskie
28%
Grabiszynek
27%
Strachowice
27%
Złotniki
27%
Pawłowice
25%
Polanowice
24%
Przedmieście Świdnickie
24%
Rędzin
24%
Świniary
24%
Zacisze
24%
Dąbie
21%
Strachocin
21%
Gajowice
20%
Opatowice
20%
Lipa Piotrowska
19%
Bieńkowice
18%
Południe
18%
Widawa
18%
Żar
18%
Jerzmanowo
17%
Jarnołtów
14%
Kłokoczyce
13%
Księże Wielke
13%
Marszowice
12%
Rakowiec
12%
Ratyń
12%
Zgorzelisko
12%
Mokra
11%
Bierdzany
9%
Szczytniki
9%
Świątniki
6%
Piasek
4%
Nie znaleziono quizów pasujących do podanych kryteriów
Rozkład punktacji
Procent ludzi z każdym wynikiem
Percentyl według liczby udzielonych odpowiedzi
Twoja historia wyników
Nie rozwiązałeś tego quizu